000 00691nam a2200205Ii 4500
003 JO-AjNU
008 230605s9999||||xx |||||||||||||| ||und||
040 _aJO-AjNU
_bara
_erda
_cJO-AjNU
041 _aara
050 1 4 _aBP173.756.N382 1981
100 3 _aالنواوي، عبد الخالق,
_eauthor
_914187
245 0 0 _aالنظام المالي في الإسلام
250 _aط2
264 3 1 _aبيروت: المكتبة العصرية، 1981
300 _a154ص
336 _atext
_btxt
_2rdacontent
337 _aunmediated
_bn
_2rdamedia
338 _avolume
_bnc
_2rdacarrier
650 4 _aالاسلام والمالية العامة- الاقتصاد الاسلامي
_914188
999 _aA3724
_c7292
_d7292